1996 1990 1452 1388 1640 1218 1065 1577 1444 1067 1251 1437 1826 1839 1222 1977 1096 1545 1718 1098 1206 1865 1711 1650 1490 1860 1818 1792 1012 1520 1813 1453 1463 1458 1931 1538 1874 1407 1846 1739 1775 1077 1897 1235 1499 1144 1252 1221 1595 1896 1236 1662 1837 1694 1127 1018 1032 1495 1966 1838 1485 1777 1579 1452 1678 1700 1781 1022 1431 1299 1149 1461 1414 1110 1686 1844 1929 1909 1618 1682 1707 1208 1744 1104 1949 1734 1721 1279 1150 1514 1337 1007 1977 1774 1276 1890 1838 1471 1329 BCNSPRNW ULIB Ver.6.0+V

เปลี่ยนเป็นภาษาไทย

Change to English
 แสดงรายละเอียดบรรณานุกรม
  กลับหน้าหลัก

Brief Record : Get Marc (ISO 2709) : E-mail record : QR code < ปิดหน้าต่าง
LEADER : 00000nam 2200000uu 4500
001    13399125699
003     ULIB
008    170716s||||||||th 000 0 tha d
020    ^a9786163948984
060  0 ^aWA100^bS187H
100 0  ^asamuel umereweneza
245 00 ^aHEALTH GUIDING PRINCIPLES A Preventive and Christian Perspective /^csamuel umereweneza
250    ^aSecond Edition
260    ^aNakhon Pathom :^bPhetkasemm ;^cม.ป.ป.
300    ^a334 หน้า ;^c19 ซม.
650  0 ^aHEALTH^xHealth Care
945    ^p0^l0^i25271
999    ^aกัณชพร จุลอักษร
รายการนี้ยังไม่มีแท็ก
คุณยังไม่ได้ล็อกอิน คุณสามารถมีกิจกรรมร่วมกับเว็บไซต์ได้ แต่ต้องล็อกอินก่อน ::
  ล็อกอิน

รายการสื่อสารสนเทศ

ลำดับที่ ประเภท เลขเรียก/บาร์โค้ด สถานที่ สถานะ
1. วิทยาศาสตร์การแพทย์ และสุขภาพ
วิทยาศาสตร์การแพทย์ และสุขภาพ
WA100 S187H ฉ.1 
  Barcode: 25271
ห้องสมุดวิทยาเขตนครสวรรค์
►หนังสือทั่วไป:l:General Books
บนชั้น

รายการใกล้เคียง
    ผู้แต่ง [samuel umereweneza]

BibComment


ยังไม่เคยถูกคอมเมนท์

คอมเมนท์ทรัพยากรรายการนี้
  คอมเมนท์: HEALTH GUIDING P..


 Copyright 2026. Bcnsprnw @Library